| 000 | 00881nam a22002897a 4500 | ||
|---|---|---|---|
| 001 | 4516 | ||
| 003 | FISKH | ||
| 005 | 20240912151727.0 | ||
| 008 | 240912b cb ||||| |||| 00| 0 eng d | ||
| 020 | _a051488003991 | ||
| 040 |
_aFISKH _beng _cFISKH _dFISKH |
||
| 050 | _aPZ7.M515916 | ||
| 082 | _a808.06 | ||
| 100 |
_aMeister, Cari _dauthor |
||
| 245 |
_aTiny the snow dog / _cby Cari Meister : illustrated by Rich Davis |
||
| 260 |
_aNew York : _bPuffin Books ; _c2001. |
||
| 300 |
_a32 unnumbered pages : _bcolor illustrations ; _c24 cm . |
||
| 490 |
_aPUFFIN EASY-TO-READ _vLevel 1 |
||
| 505 | _aE | ||
| 520 | _aTiny and his owner play in the snow and Tiny becomes a snow dog. | ||
| 521 | 8 |
_a190
_bLexile |
|
| 521 | 8 |
_aE
_bRaz-Plus |
|
| 650 |
_aanimals _vfiction |
||
| 700 |
_aDavis, Rechard _eillustrator |
||
| 942 |
_2ddc _cBK _n0 |
||
| 999 |
_c4516 _d4516 |
||